Opus cinématographiques 08 - La Planète des Singes - Statistiques

Statistiques générales
  • Ce quiz a été pris 124 fois
  • Le résultat moyen est 5 sur 9
Statistiques - réponses
Date de sortie Titre % Correct
2001 La Planète des Singes
79%
1968 La Planète des Singes
79%
2011 La Planète des Singes - Les Origines
74%
2014 La Planète des Singes - L'Affrontement
67%
2017 La Planète des Singes - Suprématie
64%
1973 La Bataille de la Planète des Singes
34%
1970 Le Secret de la Planète des Singes
32%
1971 Les Évadés de la Planète des Singes
32%
1972 La Conquête de la Planète des Singes
29%
Aucun quiz correspondant
Distribution des résultats
% des personnes avec chaque résultat
Percentile par nombre de réponses
Votre historique - résultats
Vous n’avez pas pris ce quiz